书目信息 |
| 题名: |
统一战线问题与民族问题
|
|
| 作者: | 李维汉 著 | |
| 分册: | ||
| 出版信息: | 北京 人民出版社 1981.04 |
|
| 页数: | 677页 | |
| 开本: | 20cm | |
| 丛书名: | ||
| 单 册: | ||
| 中图分类: | D613 | |
| 科图分类: | ||
| 主题词: | 政治--中国 | |
| 电子资源: | ||
| ISBN: | ||
| 000 | 00531nam0 2200193 45 | |
| 001 | 0309221684 | |
| 005 | 20060310094705.40 | |
| 010 | @dCNY2.10 | |
| 091 | @a3001.1734 | |
| 100 | @a20030922d1981 km y0chiy0120 ea | |
| 101 | 0 | @achi |
| 200 | 1 | @a统一战线问题与民族问题@ATong Yi Zhan Xian Wen Ti Yu Min Zu Wen Ti@f李维汉著@FLi Wei Han Zhu |
| 210 | @a北京@c人民出版社@d1981.04 | |
| 215 | @a677页@d20cm | |
| 606 | 0 | @a政治@x中国 |
| 690 | @aD613@v3 | |
| 701 | 0 | @a李维汉@4著 |
| 801 | @aCN@bTSTC@c20060310 | |
| 905 | @dD613@e1@f2@b82304-305 | |
| 统一战线问题与民族问题/李维汉著.-北京:人民出版社,1981.04 |
| 677页;20cm |
| ISBN :CNY2.10 |
| ● |
| 相关链接 |
|
|
|
|
正题名:统一战线问题与民族问题
索取号:D613/1
 
预约/预借
| 序号 | 登录号 | 条形码 | 馆藏地/架位号 | 状态 | 备注 |
| 1 | 0082303 | 001848594 | 密集书库/ [索取号:D613/1] | 在馆 | |
| 2 | 0082304 | 001878640 | 密集书库/ [索取号:D613/1] | 在馆 | |
| 3 | 0082305 | 001878775 | 密集书库/ [索取号:D613/1] | 在馆 | |
| 4 | 0082306 | 001848567 | 密集书库/ [索取号:D613/1] | 在馆 | |
| 5 | 0082307 | 202192144 | 密集书库/ [索取号:D613/1] | 在馆 | |
| 6 | 0082308 | 001848558 | 密集书库/ [索取号:D613/1] | 在馆 | |
| 7 | 0082309 | 001848692 | 密集书库/ [索取号:D613/1] | 在馆 | |
| 8 | 0082310 | 001847620 | 密集书库/ [索取号:D613/1] | 在馆 | |
| 9 | 0173832 | 202192251 | 密集书库/ [索取号:D613/1] | 在馆 |